A search for origins: (Record no. 2246)
[ view plain ]
| 000 -LEADER | |
|---|---|
| fixed length control field | 00630nam a2200229Ia 4500 |
| 003 - CONTROL NUMBER IDENTIFIER | |
| control field | 0100 |
| 008 - FIXED-LENGTH DATA ELEMENTS--GENERAL INFORMATION | |
| fixed length control field | 130227s9999 xx 000 0 und d |
| 040 ## - CATALOGING SOURCE | |
| Transcribing agency | ARRUPELIB |
| 050 ## - LIBRARY OF CONGRESS CALL NUMBER | |
| Classification number | GN865.S6S43 |
| 245 #2 - TITLE STATEMENT | |
| Title | A search for origins: |
| Remainder of title | science, history and South Africa's 'cradle of humankind' |
| 260 ## - PUBLICATION, DISTRIBUTION, ETC. (IMPRINT) | |
| Place of publication, distribution, etc | Johannesburg |
| Name of publisher, distributor, etc | Wits University Press |
| 300 ## - PHYSICAL DESCRIPTION | |
| Extent | 313p. |
| 300 ## - PHYSICAL DESCRIPTION | |
| Other physical details | 23 cm |
| 650 ## - SUBJECT ADDED ENTRY--TOPICAL TERM | |
| Topical term or geographic name as entry element | Evolutionary paleobiology |
| Geographic subdivision | South Africa |
| 9 (RLIN) | 38256 |
| 650 ## - SUBJECT ADDED ENTRY--TOPICAL TERM | |
| Topical term or geographic name as entry element | Prehistoric peoples |
| Geographic subdivision | South Africa |
| 9 (RLIN) | 38257 |
| 650 ## - SUBJECT ADDED ENTRY--TOPICAL TERM | |
| Topical term or geographic name as entry element | South Africa |
| General subdivision | Antiquities |
| 9 (RLIN) | 38258 |
| 650 ## - SUBJECT ADDED ENTRY--TOPICAL TERM | |
| Topical term or geographic name as entry element | South Africa |
| General subdivision | History |
| 9 (RLIN) | 27612 |
| 650 ## - SUBJECT ADDED ENTRY--TOPICAL TERM | |
| Topical term or geographic name as entry element | Fossil Hominids |
| Geographic subdivision | South Africa |
| 9 (RLIN) | 38259 |
| 700 ## - ADDED ENTRY--PERSONAL NAME | |
| Personal name | Bonner, Philip (ed.) |
| 9 (RLIN) | 38260 |
| 942 ## - ADDED ENTRY ELEMENTS (KOHA) | |
| Source of classification or shelving scheme | Library of Congress Classification |
| Item type | Monograph ( Printed materials) |
| Withdrawn status | Lost status | Source of classification or shelving scheme | Damaged status | Not for loan | Collection code | Home library | Current library | Shelving location | Date acquired | Total Checkouts | Full call number | Barcode | Date last seen | Copy number | Price effective from | Koha item type |
|---|---|---|---|---|---|---|---|---|---|---|---|---|---|---|---|---|
| Library of Congress Classification | Main Collection | ARRUPE LIBRARY | ARRUPE LIBRARY | 27/02/2013 | GN865.S6S43 | 46403149 | 09/04/2018 | 1 | 27/02/2013 | Monograph ( Printed materials) |